[Event "Calgary int."]
[Site "Calgary CAN"]
[Date "2012.05.15"]
[Round "1.7"]
[White "Kaufman, Larry C"]
[Black "Ebrahim Shirazi, Behrooz"]
[Result "1-0"]
[WhiteElo "2380"]
[BlackElo "2070"]
[PlyCount "145"]
[GameId "2160767909509412"]
[EventDate "2012.05.15"]
[EventType "swiss"]
[EventRounds "9"]
[EventCountry "CAN"]
[SourceTitle "CBM 148 Extra"]
[Source "ChessBase"]
[SourceDate "2012.06.22"]
[SourceVersion "1"]
[SourceVersionDate "2012.06.22"]
[SourceQuality "1"]

1. d4 d5 2. c4 e6 3. Nc3 Be7 4. Bf4 Nf6 5. e3 O-O 6. Rc1 c6 7. h3 Bd6 8. Nf3 Bxf4 9. exf4 dxc4 10. Bxc4 Qd6 11. g3 b6 12. Qe2 Bb7 13. Qe5 Qb4 14. Be2 Nbd7 15. Qe3 Qxb2 16. O-O Qb4 17. Ne5 Rad8 18. Bf3 Nb8 19. Rfd1 Rfe8 20. h4 Nd5 21. Nxd5 exd5 22. Qd3 f6 23. Ng4 Re7 24. h5 Ba6 25. Qc2 Qd6 26. Ne3 Bc8 27. Be2 Be6 28. Bd3 h6 29. Ng2 Bg4 30. Nh4 Bxd1 31. Rxd1 Re4 32. Bxe4 dxe4 33. Qxe4 Qd5 34. Qg6 Qf7 35. Re1 Nd7 36. Nf5 Qxg6 37. Ne7+ Kf8 38. Nxg6+ Kf7 39. Re7+ Kg8 40. Nh4 Kf8 41. Nf5 c5 42. dxc5 bxc5 43. Rxg7 c4 44. Re7 c3 45. Re2 Nc5 46. Rc2 Na4 47. Kf1 Rd5 48. g4 Rb5 49. Ke2 Rb4 50. Ke3 Nb6 51. Nd4 Nd5+ 52. Ke4 Nxf4 53. Kxf4 Rxd4+ 54. Kf5 Rc4 55. Kxf6 Rc6+ 56. Kf5 Kf7 57. f3 Rc4 58. Ke5 Ra4 59. Rxc3 Rxa2 60. Rc7+ Kg8 61. Rc6 Kg7 62. f4 Ra5+ 63. Ke6 Ra2 64. Rc7+ Kg8 65. f5 Ra6+ 66. Ke7 Ra4 67. Rc8+ Kh7 68. f6 Re4+ 69. Kd6 Rf4 70. Ke6 Re4+ 71. Kf5 Re1 72. f7 Rf1+ 73. Ke6 1-0

[Event "Calgary int."]
[Site "Calgary CAN"]
[Date "2012.05.15"]
[Round "1.8"]
[White "Perron, Sean"]
[Black "Kaufman, Raymond"]
[Result "0-1"]
[WhiteElo "2059"]
[BlackElo "2336"]
[PlyCount "54"]
[GameId "2160767909509413"]
[EventDate "2012.05.15"]
[EventType "swiss"]
[EventRounds "9"]
[EventCountry "CAN"]
[SourceTitle "CBM 148 Extra"]
[Source "ChessBase"]
[SourceDate "2012.06.22"]
[SourceVersion "1"]
[SourceVersionDate "2012.06.22"]
[SourceQuality "1"]

1. d4 Nf6 2. c4 g6 3. Nc3 d5 4. Nf3 Bg7 5. Bf4 dxc4 6. e4 O-O 7. Bxc4 Bg4 8. e5 Nfd7 9. O-O e6 10. Be2 c5 11. dxc5 Nxc5 12. Bg5 Qxd1 13. Raxd1 Nc6 14. Be3 b6 15. h3 Bxf3 16. Bxf3 Rac8 17. Bxc5 bxc5 18. Bxc6 Rxc6 19. f4 Rb8 20. b3 c4 21. Ne4 cxb3 22. axb3 Bf8 23. Rd7 Rxb3 24. Rxa7 Rc2 25. Ra4 Rbb2 26. Nf6+ Kg7 27. Rf3 Bc5+ 0-1

[Event "Calgary int."]
[Site "Calgary CAN"]
[Date "2012.05.15"]
[Round "1.9"]
[White "Pechenkin, Vladimir"]
[Black "Miller, David"]
[Result "1-0"]
[WhiteElo "2312"]
[BlackElo "2049"]
[PlyCount "89"]
[GameId "2160767909509414"]
[EventDate "2012.05.15"]
[EventType "swiss"]
[EventRounds "9"]
[EventCountry "CAN"]
[SourceTitle "CBM 148 Extra"]
[Source "ChessBase"]
[SourceDate "2012.06.22"]
[SourceVersion "1"]
[SourceVersionDate "2012.06.22"]
[SourceQuality "1"]

1. c4 Nf6 2. g3 g6 3. Bg2 Bg7 4. Nc3 O-O 5. d3 d6 6. e4 e5 7. Nge2 Nc6 8. O-O Nh5 9. Nd5 f5 10. Be3 Ne7 11. Bg5 Nf6 12. Qd2 c6 13. Nxf6+ Bxf6 14. Bxf6 Rxf6 15. Rad1 Qf8 16. exf5 Nxf5 17. d4 Nxd4 18. Nxd4 exd4 19. Qxd4 Be6 20. b3 Qf7 21. Rd2 a6 22. h3 Rd8 23. Qb6 Rd7 24. Rfd1 d5 25. cxd5 Bxd5 26. Bxd5 cxd5 27. Qe3 Re6 28. Qg5 Red6 29. Rd4 Kg7 30. R1d3 Qf6 31. Qd2 Qe5 32. Kg2 Qf6 33. Rf3 Qd8 34. Rh4 h5 35. Qd4+ Kh7 36. Rhf4 Qe7 37. Rf8 Qg7 38. Qd3 d4 39. R3f4 Rc6 40. Qf3 Rc3 41. Qe4 d3 42. Qe8 Re7 43. Rh8+ Qxh8 44. Qxe7+ Kh6 45. Rf7 1-0

[Event "Calgary int."]
[Site "Calgary CAN"]
[Date "2012.05.16"]
[Round "2.1"]
[White "Porper, Edward"]
[Black "Kovalyov, Anton"]
[Result "0-1"]
[WhiteElo "2414"]
[BlackElo "2619"]
[PlyCount "130"]
[GameId "2160767909509415"]
[EventDate "2012.05.15"]
[EventType "swiss"]
[EventRounds "9"]
[EventCountry "CAN"]
[SourceTitle "CBM 148 Extra"]
[Source "ChessBase"]
[SourceDate "2012.06.22"]
[SourceVersion "1"]
[SourceVersionDate "2012.06.22"]
[SourceQuality "1"]

1. d4 Nf6 2. c4 e6 3. Nf3 b6 4. a3 Ba6 5. Qc2 Bb7 6. Nc3 c5 7. dxc5 Bxc5 8. Bg5 h6 9. Bh4 Be7 10. e3 O-O 11. Be2 d6 12. O-O Nbd7 13. Rfd1 a6 14. Rac1 Rc8 15. Nd2 Qc7 16. Qb1 Ne5 17. Bg3 Qc6 18. e4 Qc7 19. b4 Qb8 20. Na4 Bc6 21. b5 axb5 22. cxb5 Ba8 23. Qb4 Ned7 24. Bf3 e5 25. h3 Rfe8 26. Rxc8 Rxc8 27. Nc4 Bf8 28. Ne3 d5 29. Qb3 dxe4 30. Bh5 Nxh5 31. Rxd7 Nxg3 32. Qxf7+ Kh8 33. fxg3 Rd8 34. Rc7 Bd5 35. Nxd5 Rxd5 36. Qxd5 Qxc7 37. Qxe4 Bc5+ 38. Kh2 Bd4 39. Qa8+ Kh7 40. Qe4+ Kg8 41. Qc6 Qf7 42. Qc8+ Kh7 43. Qc2+ Qg6 44. Qc1 Qd3 45. Nb2 Qe2 46. Nc4 Qd3 47. Nb2 Qb3 48. Nc4 e4 49. Qf1 Qxb5 50. Qe2 Qb1 51. h4 Qd3 52. Qxd3 exd3 53. a4 Kg6 54. g4 Kf6 55. Kg3 Ke6 56. Kf3 Kd5 57. Nd2 Bc5 58. h5 Kd4 59. Ne4 Be7 60. Nf2 Kc3 61. Ke4 d2 62. Kf3 Kc2 63. Ke2 Bc5 64. Nd1 Bd4 65. g3 Kc1 0-1

[Event "Calgary int."]
[Site "Calgary CAN"]
[Date "2012.05.16"]
[Round "2.2"]
[White "Shabalov, Alexander"]
[Black "Kaufman, Larry C"]
[Result "1-0"]
[WhiteElo "2534"]
[BlackElo "2380"]
[PlyCount "87"]
[GameId "2160767909509416"]
[EventDate "2012.05.15"]
[EventType "swiss"]
[EventRounds "9"]
[EventCountry "CAN"]
[SourceTitle "CBM 148 Extra"]
[Source "ChessBase"]
[SourceDate "2012.06.22"]
[SourceVersion "1"]
[SourceVersionDate "2012.06.22"]
[SourceQuality "1"]

1. c4 g6 2. Nc3 c5 3. Nf3 Bg7 4. e3 Nf6 5. d4 O-O 6. d5 d6 7. Be2 e6 8. O-O exd5 9. cxd5 Na6 10. Re1 Nc7 11. a4 Re8 12. Bf1 Rb8 13. h3 Ne4 14. Nxe4 Rxe4 15. Nd2 Re8 16. Nc4 b6 17. Ra2 Bf5 18. Bd3 Bxd3 19. Qxd3 a6 20. Bd2 b5 21. Na5 c4 22. Qc2 Qh4 23. axb5 axb5 24. Nc6 Ra8 25. Rxa8 Rxa8 26. e4 Re8 27. Ba5 Na6 28. Bb6 f5 29. Ra1 Rxe4 30. Qd2 Qf6 31. Rxa6 Qxb2 32. Ra8+ Kf7 33. Ra7+ Kg8 34. Ra8+ Kf7 35. Nd8+ Ke7 36. Qg5+ Qf6 37. Qg3 c3 38. Ne6 Rxe6 39. Bd8+ Kf7 40. Ra7+ Kg8 41. Bxf6 Re1+ 42. Kh2 Bxf6 43. f4 Re4 44. Qd3 1-0

[Event "Calgary int."]
[Site "Calgary CAN"]
[Date "2012.05.16"]
[Round "2.3"]
[White "Gurevich, Dmitry"]
[Black "Pechenkin, Vladimir"]
[Result "1/2-1/2"]
[WhiteElo "2471"]
[BlackElo "2312"]
[PlyCount "83"]
[GameId "2160767909509417"]
[EventDate "2012.05.15"]
[EventType "swiss"]
[EventRounds "9"]
[EventCountry "CAN"]
[SourceTitle "CBM 148 Extra"]
[Source "ChessBase"]
[SourceDate "2012.06.22"]
[SourceVersion "1"]
[SourceVersionDate "2012.06.22"]
[SourceQuality "1"]

1. d4 f5 2. g3 Nf6 3. Bg2 g6 4. Nf3 Bg7 5. O-O O-O 6. c4 d6 7. b4 c6 8. Bb2 Ne4 9. Nbd2 d5 10. Qc2 Be6 11. e3 a5 12. bxa5 Qxa5 13. a4 Nd7 14. Nxe4 fxe4 15. Ng5 Bf5 16. cxd5 cxd5 17. Qb3 Nf6 18. Bc3 Qa6 19. g4 Nxg4 20. Nxe4 Bxe4 21. Bxe4 e6 22. h3 Nxf2 23. Bg2 Ne4 24. Bb4 Rxf1+ 25. Bxf1 Qb6 26. a5 Qc7 27. Bg2 Ng3 28. Rb1 Bh6 29. Be1 Nf5 30. Qxb7 Bxe3+ 31. Kh1 Qxb7 32. Rxb7 Bxd4 33. Bf1 Nd6 34. Rd7 Bc5 35. h4 Ra7 36. Rd8+ Kg7 37. Bc3+ d4 38. Bxd4+ Bxd4 39. Rxd6 Be5 40. Ra6 Rxa6 41. Bxa6 Bc7 42. Bc4 1/2-1/2

[Event "Calgary int."]
[Site "Calgary CAN"]
[Date "2012.05.16"]
[Round "2.4"]
[White "Kaufman, Raymond"]
[Black "Hansen, Eric"]
[Result "1-0"]
[WhiteElo "2336"]
[BlackElo "2454"]
[PlyCount "70"]
[GameId "2160767909509418"]
[EventDate "2012.05.15"]
[EventType "swiss"]
[EventRounds "9"]
[EventCountry "CAN"]
[SourceTitle "CBM 148 Extra"]
[Source "ChessBase"]
[SourceDate "2012.06.22"]
[SourceVersion "1"]
[SourceVersionDate "2012.06.22"]
[SourceQuality "1"]

1. d4 Nf6 2. c4 g6 3. Nc3 d5 4. cxd5 Nxd5 5. e4 Nxc3 6. bxc3 Bg7 7. Nf3 c5 8. Rb1 O-O 9. Be2 b6 10. O-O Bb7 11. d5 Bxc3 12. Bc4 Bg7 13. Qb3 Ba6 14. Bxa6 Nxa6 15. Bb2 Bxb2 16. Rxb2 Qd6 17. e5 Qd7 18. Re2 Nc7 19. Rd1 Rad8 20. Red2 Qf5 21. d6 exd6 22. exd6 Ne6 23. d7 Qf4 24. Qd5 Kg7 25. h4 Qf6 26. Qc6 Rb8 27. Ng5 Nd4 28. Qxf6+ Kxf6 29. Nxh7+ Ke7 30. Nxf8 Rxf8 31. Rd3 Kxd7 32. g4 Rh8 33. Rh3 Kc6 34. Kg2 Ne6 35. Kg3 c4 1-0

[Event "Calgary int."]
[Site "Calgary CAN"]
[Date "2012.05.16"]
[Round "2.5"]
[White "Wang, Richard"]
[Black "Mikhalevski, Victor"]
[Result "1/2-1/2"]
[WhiteElo "2307"]
[BlackElo "2519"]
[PlyCount "82"]
[GameId "2160767909509419"]
[EventDate "2012.05.15"]
[EventType "swiss"]
[EventRounds "9"]
[EventCountry "CAN"]
[SourceTitle "CBM 148 Extra"]
[Source "ChessBase"]
[SourceDate "2012.06.22"]
[SourceVersion "1"]
[SourceVersionDate "2012.06.22"]
[SourceQuality "1"]

1. d4 Nf6 2. Nf3 e6 3. e3 b6 4. Bd3 Bb7 5. O-O d5 6. b3 Bd6 7. Bb2 O-O 8. Nbd2 c5 9. Ne5 Nc6 10. f4 Rc8 11. a3 Ne7 12. c4 Ne4 13. cxd5 exd5 14. Qe2 Nxd2 15. Qxd2 f6 16. Nf3 c4 17. Bc2 Rc7 18. bxc4 dxc4 19. e4 c3 20. Bxc3 Bxf4 21. Bb3+ Kh8 22. Qxf4 Rxc3 23. Be6 Bc8 24. Bxc8 Qxc8 25. Rac1 Ng6 26. Qd2 Rxc1 27. Rxc1 Qg4 28. Re1 Re8 29. e5 Qd7 30. Qe3 Qd5 31. h4 fxe5 32. h5 Nf8 33. Nxe5 Kg8 34. Qf2 Rd8 35. Rd1 Nd7 36. Nxd7 Rxd7 37. h6 gxh6 38. Qf4 Qg5 39. Qe4 Re7 40. Qa8+ Kg7 41. Rf1 h5 1/2-1/2

[Event "Calgary int."]
[Site "Calgary CAN"]
[Date "2012.05.16"]
[Round "2.6"]
[White "Gardner, Robert"]
[Black "Yam, Alex"]
[Result "0-1"]
[WhiteElo "2202"]
[BlackElo "2258"]
[PlyCount "72"]
[GameId "2160767909509420"]
[EventDate "2012.05.15"]
[EventType "swiss"]
[EventRounds "9"]
[EventCountry "CAN"]
[SourceTitle "CBM 148 Extra"]
[Source "ChessBase"]
[SourceDate "2012.06.22"]
[SourceVersion "1"]
[SourceVersionDate "2012.06.22"]
[SourceQuality "1"]

1. d4 Nf6 2. c4 e6 3. Nc3 c5 4. d5 exd5 5. cxd5 d6 6. e4 g6 7. Nf3 Bg7 8. h3 a6 9. Bd3 b5 10. O-O O-O 11. Bf4 Re8 12. Re1 Ra7 13. a3 Rae7 14. Qc2 Qc7 15. Bxb5 axb5 16. Nxb5 Qb6 17. Nxd6 Rd8 18. Nc4 Qa7 19. d6 Ree8 20. e5 Bf5 21. Qd2 Nfd7 22. Ne3 Be4 23. Ng5 Ba8 24. Ng4 Qb7 25. f3 Qd5 26. Qf2 Nc6 27. Qh4 h5 28. Ne3 Qb3 29. Nf5 gxf5 30. Qxh5 Ndxe5 31. Qh7+ Kf8 32. Qxf5 Rxd6 33. Ne4 Nd4 34. Qh7 Ndxf3+ 35. gxf3 Rg6+ 36. Ng5 Qxf3 0-1

[Event "Calgary int."]
[Site "Calgary CAN"]
[Date "2012.05.16"]
[Round "2.7"]
[White "Miller, David"]
[Black "Haessel, Dale"]
[Result "1/2-1/2"]
[WhiteElo "2049"]
[BlackElo "2161"]
[PlyCount "66"]
[GameId "2160767909509421"]
[EventDate "2012.05.15"]
[EventType "swiss"]
[EventRounds "9"]
[EventCountry "CAN"]
[SourceTitle "CBM 148 Extra"]
[Source "ChessBase"]
[SourceDate "2012.06.22"]
[SourceVersion "1"]
[SourceVersionDate "2012.06.22"]
[SourceQuality "1"]

1. e4 e5 2. Nf3 Nc6 3. Bb5 Nf6 4. O-O Bc5 5. Nxe5 Nxe5 6. d4 c6 7. dxe5 cxb5 8. exf6 Qxf6 9. Nc3 O-O 10. Nxb5 d6 11. Nc7 Rb8 12. Qd3 Qe5 13. c3 f5 14. Qd5+ Qxd5 15. exd5 Rf7 16. Nb5 Bd7 17. Nd4 Bxd4 18. cxd4 Bb5 19. Re1 Bc4 20. Bf4 Rd7 21. b3 Bxd5 22. Rac1 Kf7 23. Rc3 Re8 24. Rxe8 Kxe8 25. Re3+ Kf7 26. f3 b5 27. Kf2 a5 28. Ke2 a4 29. bxa4 Bxa2 30. axb5 Bc4+ 31. Kd2 Bxb5 32. Kc3 Bf1 33. g3 Re7 1/2-1/2

[Event "Calgary int."]
[Site "Calgary CAN"]
[Date "2012.05.16"]
[Round "2.8"]
[White "Sequillion, Aaron"]
[Black "Nguyen, Kim"]
[Result "1/2-1/2"]
[WhiteElo "2012"]
[BlackElo "2110"]
[PlyCount "139"]
[GameId "2160767909509422"]
[EventDate "2012.05.15"]
[EventType "swiss"]
[EventRounds "9"]
[EventCountry "CAN"]
[SourceTitle "CBM 148 Extra"]
[Source "ChessBase"]
[SourceDate "2012.06.22"]
[SourceVersion "1"]
[SourceVersionDate "2012.06.22"]
[SourceQuality "1"]

1. e4 c5 2. Nf3 d6 3. d4 cxd4 4. Nxd4 Nf6 5. Nc3 a6 6. Be3 Ng4 7. Bg5 h6 8. Bh4 g5 9. Bg3 Bg7 10. h3 Ne5 11. Nf5 Bxf5 12. exf5 Nbc6 13. Nd5 e6 14. fxe6 fxe6 15. Ne3 O-O 16. c3 Qb6 17. Qb3 Qxb3 18. axb3 d5 19. Rd1 b5 20. Be2 Na5 21. b4 Nac4 22. Nxc4 bxc4 23. O-O a5 24. bxa5 Rxa5 25. Bxe5 Bxe5 26. Bg4 Kf7 27. Rfe1 Kf6 28. Re2 h5 29. Bxe6 Kxe6 30. Rde1 Rf5 31. g4 hxg4 32. hxg4 Rf4 33. Rxe5+ Kf6 34. Re6+ Kf7 35. Re7+ Kf8 36. Re8+ Kf7 37. R1e7+ Kf6 38. Re6+ Kf7 39. R8e7+ Kf8 40. Rb7 Rxg4+ 41. Kf1 Rf4 42. Rg6 Ra1+ 43. Ke2 Rc1 44. Rxg5 Rc2+ 45. Kd1 Rfxf2 46. Rxd5 Ke8 47. Rh5 Rfd2+ 48. Ke1 Re2+ 49. Kf1 Rh2 50. Rxh2 Rxh2 51. Ke1 Kd8 52. Kd1 Rh5 53. Kd2 Rd5+ 54. Ke3 Rd3+ 55. Ke4 Rd2 56. Ke5 Kc8 57. Rb5 Kc7 58. Rb4 Kd7 59. Rxc4 Rxb2 60. Kd5 Rh2 61. Rc5 Rd2+ 62. Ke5 Re2+ 63. Kd5 Rd2+ 64. Kc4 Kd6 65. Rc8 Rh2 66. Kb5 Rb2+ 67. Kc4 Rh2 68. Rd8+ Kc6 69. Rd4 Ra2 70. Kb4 1/2-1/2

[Event "Calgary int."]
[Site "Calgary CAN"]
[Date "2012.05.16"]
[Round "2.9"]
[White "Ebrahim Shirazi, Behrooz"]
[Black "Perron, Sean"]
[Result "1/2-1/2"]
[WhiteElo "2070"]
[BlackElo "2059"]
[PlyCount "29"]
[GameId "2160767909509423"]
[EventDate "2012.05.15"]
[EventType "swiss"]
[EventRounds "9"]
[EventCountry "CAN"]
[SourceTitle "CBM 148 Extra"]
[Source "ChessBase"]
[SourceDate "2012.06.22"]
[SourceVersion "1"]
[SourceVersionDate "2012.06.22"]
[SourceQuality "1"]

1. d4 Nf6 2. c4 e6 3. Nc3 Bb4 4. Bg5 c5 5. d5 h6 6. Bh4 Bxc3+ 7. bxc3 d6 8. e3 Qe7 9. Bd3 Nbd7 10. Nf3 e5 11. Nd2 g5 12. Bg3 e4 13. Bc2 Nb6 14. a4 Bf5 15. a5 1/2-1/2

[Event "Calgary int."]
[Site "Calgary CAN"]
[Date "2012.05.16"]
[Round "3.1"]
[White "Kovalyov, Anton"]
[Black "Shabalov, Alexander"]
[Result "1/2-1/2"]
[WhiteElo "2619"]
[BlackElo "2534"]
[PlyCount "60"]
[GameId "2160767909509424"]
[EventDate "2012.05.15"]
[EventType "swiss"]
[EventRounds "9"]
[EventCountry "CAN"]
[SourceTitle "CBM 148 Extra"]
[Source "ChessBase"]
[SourceDate "2012.06.22"]
[SourceVersion "1"]
[SourceVersionDate "2012.06.22"]
[SourceQuality "1"]

1. c4 e5 2. Nc3 Nf6 3. Nf3 Nc6 4. a3 g6 5. g3 Bg7 6. Bg2 O-O 7. O-O Re8 8. d3 Rb8 9. e4 a6 10. Nd5 b5 11. b3 Ne7 12. Bg5 Nexd5 13. cxd5 h6 14. Bd2 c6 15. dxc6 dxc6 16. Be3 Qd6 17. Qc2 Be6 18. b4 Rbc8 19. Rfd1 Nd7 20. d4 Bg4 21. Qd2 Qf6 22. Nxe5 Nxe5 23. dxe5 Rxe5 24. f3 Bxf3 25. Rf1 Rd8 26. Qe1 Rxe4 27. Bxf3 Re7 28. Qf2 Qxa1 29. Rxa1 Bxa1 30. Bc5 Re6 1/2-1/2

[Event "Calgary int."]
[Site "Calgary CAN"]
[Date "2012.05.16"]
[Round "3.2"]
[White "Pechenkin, Vladimir"]
[Black "Kaufman, Raymond"]
[Result "1-0"]
[WhiteElo "2312"]
[BlackElo "2336"]
[PlyCount "87"]
[GameId "2160767909509425"]
[EventDate "2012.05.15"]
[EventType "swiss"]
[EventRounds "9"]
[EventCountry "CAN"]
[SourceTitle "CBM 148 Extra"]
[Source "ChessBase"]
[SourceDate "2012.06.22"]
[SourceVersion "1"]
[SourceVersionDate "2012.06.22"]
[SourceQuality "1"]

1. c4 e6 2. g3 d5 3. Bg2 Nf6 4. Nf3 Be7 5. O-O O-O 6. d4 dxc4 7. Qc2 a6 8. Qxc4 b5 9. Qc2 Bb7 10. Bd2 Be4 11. Qc1 Nc6 12. e3 Nb4 13. Bxb4 Bxb4 14. a3 Be7 15. Nc3 Bb7 16. b4 Ne4 17. Ne5 Nxc3 18. Qxc3 Bxg2 19. Kxg2 Bf6 20. Nc6 Qd7 21. Rac1 h5 22. Qc5 g6 23. h4 Rfe8 24. Rfd1 Rac8 25. e4 Bg7 26. Qc3 f5 27. Ne5 Bxe5 28. dxe5 Qf7 29. Qe3 Rf8 30. f4 Rfd8 31. exf5 Qxf5 32. Rd4 Qg4 33. Rc2 g5 34. hxg5 Rxd4 35. Qxd4 h4 36. Qd3 Kg7 37. Rd2 Rf8 38. Qf3 h3+ 39. Kf2 Qf5 40. Qh5 h2 41. Qxh2 Qg6 42. Ke3 Qb1 43. Qh6+ Kg8 44. Qxe6+ 1-0

[Event "Calgary int."]
[Site "Calgary CAN"]
[Date "2012.05.16"]
[Round "3.3"]
[White "Mikhalevski, Victor"]
[Black "Gurevich, Dmitry"]
[Result "1-0"]
[WhiteElo "2519"]
[BlackElo "2471"]
[PlyCount "73"]
[GameId "2160767909509426"]
[EventDate "2012.05.15"]
[EventType "swiss"]
[EventRounds "9"]
[EventCountry "CAN"]
[SourceTitle "CBM 148 Extra"]
[Source "ChessBase"]
[SourceDate "2012.06.22"]
[SourceVersion "1"]
[SourceVersionDate "2012.06.22"]
[SourceQuality "1"]

1. c4 e6 2. g3 Nf6 3. Bg2 d5 4. d4 Be7 5. Nf3 O-O 6. Qc2 c5 7. O-O cxd4 8. Nxd4 Nc6 9. Nxc6 bxc6 10. b3 a5 11. Nc3 Ba6 12. Rd1 Qc7 13. Na4 dxc4 14. bxc4 Rab8 15. a3 h6 16. Bf4 e5 17. Be3 Ng4 18. Bd2 f5 19. h3 Nf6 20. Qxf5 Bxc4 21. Rdc1 Bb3 22. Nc5 Bxc5 23. Rxc5 Qd6 24. Be3 Nd5 25. Qd3 a4 26. Rac1 Rbc8 27. Bd2 Qe6 28. Be1 Ne7 29. Qe4 Nd5 30. Qg4 Qd6 31. Qh5 Rfe8 32. Rxc6 Nf6 33. Rxc8 Nxh5 34. Rxe8+ Kf7 35. Bb4 Qd4 36. Re7+ Kg6 37. e3 1-0

[Event "Calgary int."]
[Site "Calgary CAN"]
[Date "2012.05.16"]
[Round "3.4"]
[White "Kaufman, Larry C"]
[Black "Porper, Edward"]
[Result "1-0"]
[WhiteElo "2380"]
[BlackElo "2414"]
[PlyCount "99"]
[GameId "2160767909509427"]
[EventDate "2012.05.15"]
[EventType "swiss"]
[EventRounds "9"]
[EventCountry "CAN"]
[SourceTitle "CBM 148 Extra"]
[Source "ChessBase"]
[SourceDate "2012.06.22"]
[SourceVersion "1"]
[SourceVersionDate "2012.06.22"]
[SourceQuality "1"]

1. d4 d5 2. c4 c6 3. Nf3 Nf6 4. Qc2 dxc4 5. Qxc4 Bf5 6. g3 e6 7. Bg2 Be7 8. O-O O-O 9. e3 Nbd7 10. Rd1 e5 11. Nc3 Be6 12. Qe2 e4 13. Ne5 Bd5 14. Qc2 Re8 15. Nxd7 Qxd7 16. Nxe4 Qg4 17. f3 Bxe4 18. fxe4 Rad8 19. e5 Nd5 20. Rf1 Bg5 21. Qf2 f6 22. h3 Qh5 23. h4 Bh6 24. e4 Bxc1 25. Raxc1 Nb4 26. exf6 Qf7 27. Qd2 Nxa2 28. Ra1 gxf6 29. d5 cxd5 30. exd5 Qc7 31. Rxa2 Qxg3 32. Qf2 Qxf2+ 33. Rxf2 Re1+ 34. Kh2 a6 35. Ra3 Rd6 36. Rc3 Re7 37. Rc5 Kg7 38. Rfc2 f5 39. Rc7 Red7 40. Rxd7+ Rxd7 41. Kg3 Kf6 42. Kf4 Rd6 43. Re2 Rb6 44. Re6+ Rxe6 45. dxe6 b5 46. Bd5 a5 47. h5 h6 48. Ba2 a4 49. Bd5 b4 50. Bc6 1-0

[Event "Calgary int."]
[Site "Calgary CAN"]
[Date "2012.05.16"]
[Round "3.5"]
[White "Yam, Alex"]
[Black "Wang, Richard"]
[Result "1/2-1/2"]
[WhiteElo "2258"]
[BlackElo "2307"]
[PlyCount "64"]
[GameId "2160767909509428"]
[EventDate "2012.05.15"]
[EventType "swiss"]
[EventRounds "9"]
[EventCountry "CAN"]
[SourceTitle "CBM 148 Extra"]
[Source "ChessBase"]
[SourceDate "2012.06.22"]
[SourceVersion "1"]
[SourceVersionDate "2012.06.22"]
[SourceQuality "1"]

1. e4 c5 2. Nc3 Nc6 3. f4 e6 4. Nf3 d5 5. Bb5 Nge7 6. Qe2 d4 7. Nd1 a6 8. Bxc6+ Nxc6 9. d3 Bd6 10. O-O O-O 11. Nf2 f5 12. c3 Qb6 13. e5 Be7 14. Kh1 Bd7 15. Nh3 Be8 16. Rd1 Bh5 17. Qf2 Rfd8 18. Nhg1 dxc3 19. bxc3 Qa5 20. Ne2 c4 21. d4 Qd5 22. Ng3 Bg4 23. Nf1 Bxf3 24. gxf3 Qa5 25. Ne3 Qxc3 26. Bb2 Qb4 27. Rac1 g6 28. Rxc4 Qb6 29. h4 Bxh4 30. Qxh4 Qxb2 31. Qf6 Qe2 32. Qxe6+ Kh8 1/2-1/2

[Event "Calgary int."]
[Site "Calgary CAN"]
[Date "2012.05.16"]
[Round "3.6"]
[White "Perron, Sean"]
[Black "Gardner, Robert"]
[Result "1/2-1/2"]
[WhiteElo "2059"]
[BlackElo "2202"]
[PlyCount "98"]
[GameId "2160767909509429"]
[EventDate "2012.05.15"]
[EventType "swiss"]
[EventRounds "9"]
[EventCountry "CAN"]
[SourceTitle "CBM 148 Extra"]
[Source "ChessBase"]
[SourceDate "2012.06.22"]
[SourceVersion "1"]
[SourceVersionDate "2012.06.22"]
[SourceQuality "1"]

1. d4 Nf6 2. g3 d5 3. c4 dxc4 4. Bg2 c6 5. Nf3 b5 6. a4 Bb7 7. Ne5 Nd5 8. Nc3 Nxc3 9. bxc3 Qc8 10. O-O e6 11. e4 Nd7 12. f4 Nxe5 13. fxe5 Be7 14. Qg4 Bf8 15. Ra2 Qc7 16. Raf2 Rd8 17. Bh3 Bc8 18. Qf3 h6 19. Bg4 g6 20. axb5 cxb5 21. Qxf7+ Qxf7 22. Rxf7 Be7 23. d5 exd5 24. Bxc8 Rxc8 25. exd5 Bc5+ 26. Kg2 Rf8 27. Rb7 Rxf1 28. Kxf1 Bb6 29. Bxh6 Rc5 30. d6 Rxe5 31. d7+ Kd8 32. h4 Bc7 33. Rxa7 Rf5+ 34. Ke2 Be5 35. Bg5+ Bf6 36. Bxf6+ Rxf6 37. Ke3 Rd6 38. Ke4 Rd3 39. Ke5 Ke7 40. Rb7 Rxc3 41. d8=Q+ Kxd8 42. Rxb5 Rxg3 43. Kf4 Rg1 44. Rc5 Rf1+ 45. Kg4 Rc1 46. Kg5 c3 47. Kxg6 c2 48. Kh6 Rh1 49. Rxc2 Rxh4+ 1/2-1/2

[Event "Calgary int."]
[Site "Calgary CAN"]
[Date "2012.05.16"]
[Round "3.7"]
[White "Haessel, Dale"]
[Black "Ebrahim Shirazi, Behrooz"]
[Result "1-0"]
[WhiteElo "2161"]
[BlackElo "2070"]
[PlyCount "149"]
[GameId "2160767909509430"]
[EventDate "2012.05.15"]
[EventType "swiss"]
[EventRounds "9"]
[EventCountry "CAN"]
[SourceTitle "CBM 148 Extra"]
[Source "ChessBase"]
[SourceDate "2012.06.22"]
[SourceVersion "1"]
[SourceVersionDate "2012.06.22"]
[SourceQuality "1"]

1. d4 d5 2. Nf3 Nf6 3. c4 e6 4. Nc3 Be7 5. Bg5 h6 6. Bh4 O-O 7. e3 b6 8. Be2 Bb7 9. Bxf6 Bxf6 10. cxd5 exd5 11. b4 c6 12. O-O a5 13. bxa5 Rxa5 14. Qb3 Nd7 15. Rfd1 Qa8 16. a4 Rd8 17. Rac1 c5 18. Bb5 c4 19. Qb4 Bc6 20. Qd6 Bxb5 21. axb5 Ne5 22. Qxb6 Nd3 23. Rb1 Ra3 24. Ne2 c3 25. Ne1 Nxe1 26. Rxe1 c2 27. Rbc1 Rc8 28. Qd6 Rb3 29. Qd7 Rb2 30. Nf4 Rd8 31. Qc6 Qa2 32. Nd3 Rb3 33. Rxc2 Qa5 34. Qc7 Qxc7 35. Rxc7 Rxd3 36. Rb1 Rb8 37. Kf1 Rb6 38. Rd7 Ra3 39. Rxd5 Ra2 40. g3 Kf8 41. Rc5 Ke8 42. Rc4 Bd8 43. Rcb4 Kd7 44. R4b2 Rxb2 45. Rxb2 Kc7 46. Ke2 Rb8 47. Kd3 Kb6 48. Kc4 Rc8+ 49. Kd5 Be7 50. e4 Ra8 51. e5 Ra5 52. Kc4 Ra4+ 53. Kd5 Bb4 54. Rc2 Ra7 55. f4 Kxb5 56. f5 Rd7+ 57. Ke4 Ra7 58. e6 fxe6 59. fxe6 Be7 60. Kd5 Kb6 61. Rc8 Ra5+ 62. Ke4 Ra4 63. Re8 Ra7 64. d5 Bf6 65. d6 Kc6 66. d7 Kd6 67. Kf5 Ra5+ 68. Kg6 Rg5+ 69. Kf7 Rf5 70. g4 Rf4 71. h3 Be7+ 72. Kxg7 Bg5 73. d8=Q+ Bxd8 74. Rxd8+ Ke7 75. Rh8 1-0